01005nam a2200217 a 450000100100000000500170001000800410002702000150006804000250008308200160010824501560012426001210028030000280040150000210042950000730045050400320052370000400055570000580059595201190065399900150077200000538720200929151649.0090819s1992 sp r 001 0 spa d a8479520809 aDO-SdBNPbspacBNPHU axxxxbT253e03aEl teatro en España :bentre la tradición y la vanguardia, 1918-1939 /ccoordinación y edición, Dru Dougherty, Ma. Francisca Vilches de Frutos. aMadrid, España :bConsejo Superior de Investigaciones Científicas ;bFundación Federico García Lorca,c1992. a513 p. :bil. ;c29 cm. aIncluye índice aIncluye referencias bibliográficas y notas al pie de las páginas aBibliografía : p. 471-4951 aDougherty, Dru,ecoord., ed.9152911 aVilches de Frutos, Ma. Francisca,ecoord., ed.915292 001054708MOaGRbGRcHDd2009-08-19iLF1l0oxxxx T253ep5387-10r2020-06-25w2020-06-25y4ZPréstamo en sala c5187d5187